El Marqués de Mora

Guardat en:
Dades bibliogràfiques
Autor principal: Coloma, Luis (Autor)
Format: Llibre
Idioma:espanyol
Publicat: Buenos Aires Difusión 1945
Matèries:
Etiquetes: Afegir etiqueta
Sense etiquetes, Sigues el primer a etiquetar aquest registre!

MARC

LEADER 00000nam a2200000 a 4500
001 UCQ5639
003 CL-VaPUC
008 981002e19450000AG |||||||||||||||||spa|d
082 0 4 |a 863  |b COL  |2 21 
100 0 |a Coloma, Luis  |e author  |9 376892 
245 1 3 |a El Marqués de Mora 
300 |a 158 p 
942 |c BK 
945 |d 19981002 00:00:00  |a crobeson 
260 |a Buenos Aires  |b Difusión  |c 1945 
650 0 |a Novelas españolas  |9 265052 
650 0 |a Literatura española  |9 306261 
583 |a last modification  |c 19981002 00:00:00  |k Rodrigo Vera 
999 |c 275844  |d 275842 
952 |0 0  |1 0  |4 0  |6 863_000000000000000_COL_1945  |7 0  |8 A  |9 312689  |a BIBEDU  |b BIBEDU  |d 2019-11-20  |i 147541K  |o 863 COL 1945  |p 147541K  |r 2019-11-20  |w 2019-11-20  |y BK  |k LIT